1648 1733 1038 1304 1723 1984 1398 1563 1379 1472 1809 1177 1026 1636 1729 1135 1510 1774 1566 1119 1824 1183 1504 1835 1461 1856 1727 1109 1626 1223 1392 1731 1226 1450 1582 1081 1672 1628 1011 1059 1769 1742 1948 1249 1596 1928 1830 1890 1163 1848 1910 1151 1194 1758 1240 1679 1732 1505 1272 1252 1225 1857 1839 1111 1086 1748 1888 1579 1677 1288 1153 1927 1388 1564 1185 1529 1997 1467 1131 1838 1536 1214 1484 1506 1129 1077 1762 1167 1436 1810 1548 1033 1724 1380 1077 1072 1804 1037 1079 BCNSPRNW ULIB Ver.6.0+V

เปลี่ยนเป็นภาษาไทย

Change to English
 แสดงรายละเอียดบรรณานุกรม
  กลับหน้าหลัก

Brief Record : Get Marc (ISO 2709) : E-mail record : QR code < ปิดหน้าต่าง
LEADER : 00000nam 2200000uu 4500
001    13399126294
003     ULIB
008    180904s2561||||th 000 0 tha d
020    ^a9786164555099
060 04 ^aWO185^bว645ก
100 0  ^aวิภา แซ่เซี้ย
245 00 ^aการจัดการแผลเรื้อรังบทบาทที่ท้าทายของพยาบาล /^cวิภา แซ่เซี้ย
250    ^aพิมพ์ครั้งที่ 1
260    ^aสงขลา :^bคณะพยาบาลศาสตร์ มหาวิทยาลัยสงขลานครินทร์,^c2561
300    ^a126 หน้า :^bภาพประกอบ ;^c26 ซม.
500    ^aผู้ใหญ่
505 0  ^a1.แนวคิดแผลเรื้อรัง--2.การจัดการแผลเรื้อรัง--3.การจัดการแผลเบาหวาน--4.การจัดการแผลหลอดเลือดแดง--5.การจัดการแผลหลอดเลือดดำ--6.การจัดการแผลกดทับ
650  2 ^aแผลเรื้อรัง
650  2 ^aแผลกดทับ
650  4 ^aแผลเบาหวาน
650  4 ^aแผลหลอดเลือดดำ
650  0 ^aแผลหลอดเลือดแดง
710 2  ^aมหาวิทยาลัยสงขลานครินทร์.^bคณะแพทยศาสตร์
945    ^p420^l0^i26506
945    ^p420^l0^i26505
999    ^aกัณชพร จุลอักษร
รายการนี้ยังไม่มีแท็ก
คุณยังไม่ได้ล็อกอิน คุณสามารถมีกิจกรรมร่วมกับเว็บไซต์ได้ แต่ต้องล็อกอินก่อน ::
  ล็อกอิน

รายการสื่อสารสนเทศ

ลำดับที่ ประเภท เลขเรียก/บาร์โค้ด สถานที่ สถานะ
1. หนังสือสำรอง
หนังสือสำรอง
WO185 ว645ก ฉ.1 
  Barcode: 26505
ห้องสมุดวิทยาเขตนครสวรรค์
►หนังสือทั่วไป:l:General Books
บนชั้น
2. วิทยาศาสตร์การแพทย์ และสุขภาพ
วิทยาศาสตร์การแพทย์ และสุขภาพ
WO185 ว645ก ฉ.2 
  Barcode: 26506
ห้องสมุดวิทยาเขตนครสวรรค์
►หนังสือทั่วไป:l:General Books
บนชั้น

รายการใกล้เคียง
    ผู้แต่ง [วิภา แซ่เซี้ย]

    หัวเรื่อง [แผลเรื้อรัง]
    หัวเรื่อง [แผลกดทับ]
    หัวเรื่อง [แผลเบาหวาน]
    หัวเรื่อง [แผลหลอดเลือดดำ]
    หัวเรื่อง [แผลหลอดเลือดแดง]

BibComment


ยังไม่เคยถูกคอมเมนท์

คอมเมนท์ทรัพยากรรายการนี้
  คอมเมนท์: การจัดการแผลเรื้..


 Copyright 2026. Bcnsprnw @Library